000 00466nam a2200133Ia 4500
008 100328s9999 xx 000 0 und d
082 _b9217
100 _aदेवार बापू वासुदेव
245 _aअभिनव शिक्षकशास्त्र
260 _bएन.के.
630 _aअभिनव शिक्षकशास्त्र
730 _aअभिनव शिक्षकशास्त्र
942 _cBOOK
999 _c504926
_d504923